| 000 | 01826nam a2200349 a 4500 | ||
|---|---|---|---|
| 003 | AR-BaBN | ||
| 005 | 20260604155536.0 | ||
| 007 | ta | ||
| 008 | 180604s2015 ag ado |r 00| 0 spa d | ||
| 020 |
_a978-950-01-1685-5 _qmanual |
||
| 020 |
_a978-950-01-1686-2 _qcuadernillo |
||
| 040 |
_aAR-BaBN _bspa _cAR-RoUNCS |
||
| 245 | 0 | 0 |
_aCiudadanía 1 ES : _bla dignidad humana, los derechos, la democracia, el cuidado de uno mismo y de los otros / _cIrene Marrone ... [et al.]. |
| 250 | _a1a ed., 3a reimpr. | ||
| 260 |
_aSan Isidro : _bEstrada, _cc2015. |
||
| 300 |
_a125 p. : _bil. col., diagrs., fot., tablas ; _c28 cm + _e1 cuadernillo de actividades (31 p. ; 28 cm.) |
||
| 490 | 1 | _aHuellas | |
| 500 | _aObra acompañada por el cuadernillo de actividades Saber hacer / autora: María Eugenia Younis Moreno. | ||
| 505 | 2 | _aBloque I: Derechos -- 1. Dignidad y libertad -- 2. Las normas y su función en la sociedad -- 3. El derecho y los derechos humanos -- 4. Los derechos civiles, políticos y sociales. El caso de las mujeres -- 5. Los derechos de niñas, niños y adolescentes -- Bloque II: Igualdad y diferencias -- 6. Cultura e identidad -- 7. Igualdad y diversidad -- Bloque III: Estado, gobierno y participación -- 8. La democracia -- 9. Autoritarismo y dictadura en la Argentina -- Bloque IV: El cuidado de uno mismo y de los otros -- 10. Una introducción a los cuidados. | |
| 521 | 2 | _aPrimer año de Educación Secundaria. | |
| 650 | 7 |
_aEducación cívica _2embne |
|
| 655 | 7 |
_aLibros de texto _2embne |
|
| 700 | 1 | _aFerreyra, Romina | |
| 700 | 1 | _aFuertes, Adrián | |
| 700 | 1 | _aMarrone, Irene | |
| 700 | 1 | _aPierri, Carla | |
| 700 | 1 |
_aRamírez Llorens, Fernando, _d1974- |
|
| 700 | 1 | _aRiveros, Brenda | |
| 700 | 1 | _aRojtenberg, Carolina | |
| 700 | 1 | _aYounis Moreno, María Eugenia | |
| 942 |
_2udc _cOG _n0 |
||
| 999 |
_c1039 _d1039 |
||